Countries By Peninsula-Scandinavia, Iberia, and Yucatan - Statistics

General Stats
  • This quiz has been taken 104 times
  • The average score is 9 of 9
Answer Stats
% Correct
Andorra
100%
Finland
100%
Norway
100%
Portugal
100%
Spain
100%
Sweden
100%
Mexico
94%
Guatemala
90%
Belize
87%
No matching quizzes found
Score Distribution
Percent of People with Each Score
Percentile by Number Answered
Your Score History
You have not taken this quiz